000 01165nam a2200301 i 4500
001 15846
003 DO-SdUEMH
005 20260212145916.0
007 ta
008 211105s2003||||dr |||gr|||| 0|| |dspa d
020 _a999348718-x
040 _aDO-SdUEMH
_bspa
_erda
041 _aspa
082 1 4 _aRD 378.97293054 F224H
_mRD
_bF224
084 _b08-00645
100 1 _aFARÍAS, FELIX
_eaut
245 0 _aHistoria Legal de la Educación Superior, La Tecnología y la Ciencia Dominicanas (1518-2003) /
_cFélix Farías
260 _c2003
264 1 _aSanto Domingo, República Dominicana :
_bTalleres de Somos Artes Gráficas,
_c2003
264 4 _c©2003
300 _a598 páginas :
_c23 cm.
336 _2rdacontent
_atexto
_btxt
337 _2rdamedia
_asin mediación
_bn
338 _2rdacarrier
_avolumen
_bnc
505 2 _aOrigen del sistema de educación superior dominicana -- Origen legal de las universidades privadas con su oferta curricular aprobada -- Los institutos de estudios superiores -- Otras instituciones del sistema de educación superior -- Reseña histórica de la ciencia y la tecnología.
942 _2ddc
_cBK
_n0
999 _c15846
_d15846